EIA guidelines for timber harvesting in natural forests

Bibliographic Details
Corporate Authors: FOREST Research Institute Malaysia, Institut Penyelidikan Perhutanan Malaysia (FRIM)
Format: Book
Published: Kuala Lumpur : Institut Penyelidikan Perhutanan Malaysia , 1995
Subjects:

MARC

LEADER 00000cam a2200000 7i4500
001 0000002839
005 20040121.0
090 0 0 |a 338.1749   |b FOR 1995 
110 1 0 |a FOREST Research Institute Malaysia 
245 1 0 |a EIA guidelines for timber harvesting in natural forests   |c by Forest Research Institute Malaysia 
260 0 0 |a Kuala Lumpur :   |b Institut Penyelidikan Perhutanan Malaysia ,   |c 1995 
300 |a vi, 83 p. :   |b ill. ;   |c 30 cm. 
650 0 0 |a Environmental impact analysis 
650 0 0 |a Timber 
710 1 1 |a Institut Penyelidikan Perhutanan Malaysia (FRIM) 
998 |a JPSM 
999 |a 0000004527   |b Monograph   |c Open Shelf   |e Default branch